00737nam a22002175a 4500999001500000001000500015003000900020005001700029008004100046040002800087082001600115245008900131260005200220300002800272650001700300650003500317650002400352700001700376942001200393952011400405 c4511d45114720BD-DhUAP20201207150403.0201112|1982 bg 000 0 eng  aDLCcDLCdBD-DhUAPbEng a052 IND22310aIndex to the Journal of the Asiatic Society of Bangladesh /cedited by K. M. Karim. aDacca :bAsiatic Society of Bangladesh,cc1982. avi, 57 pages ; c24 cm. aPeriodicals. aAsiatic Society of Bangladesh. aOriental philology. aKarim, K. M. 2ddccBK 00102ddc4070aUAPCLbUAPCLcGeneral Stacksd2020-11-12o052 INDp3010004720r2020-11-12t1w2020-11-12yBK